Sports Quiz

Random Sports or Hockey Quiz

Nashville Predators MVP Votes Quiz Stats

 Plays Quiz not verified by Sporcle

Challenge
Share
Tweet
Embed
Score 0/12 Timer 01:30
0 Plays Today
Year Player % Correct
2018Pekka Rinne
100%
2012Shea Weber
97.2%
2011Shea Weber
97.2%
2010Shea Weber
97.2%
2014Shea Weber
97%
2015Shea Weber
97%
2012Pekka Rinne
93.5%
2011Pekka Rinne
93.5%
2015Pekka Rinne
93%
2006Tomas Vokoun
54.3%
2007Paul Kariya
52.4%
2006Paul Kariya
52.4%

You're not logged in!

Compare scores with friends on all Sporcle quizzes.
Join for Free
OR
Log In

You Might Also Like...

Show Comments

Extras

Top Quizzes Today


Score Distribution

Your Account Isn't Verified!

In order to create a playlist on Sporcle, you need to verify the email address you used during registration. Go to your Sporcle Settings to finish the process.

Report this User

Report this user for behavior that violates our Community Guidelines.

Details: